Angel of death : (Record no. 9058)

MARC details
000 -LEADER
fixed length control field 01196cam a22003497a 4500
001 - CONTROL NUMBER
control field 16440753
003 - CONTROL NUMBER IDENTIFIER
control field OSt
005 - DATE AND TIME OF LATEST TRANSACTION
control field 20240704101547.0
008 - FIXED-LENGTH DATA ELEMENTS--GENERAL INFORMATION
fixed length control field 100831s2010 enkac b 001 0 eng
010 ## - LIBRARY OF CONGRESS CONTROL NUMBER
LC control number 2010459388
015 ## - NATIONAL BIBLIOGRAPHY NUMBER
National bibliography number GBB021616
Source bnb
016 7# - NATIONAL BIBLIOGRAPHIC AGENCY CONTROL NUMBER
Record control number 101535949
Source DNLM
016 7# - NATIONAL BIBLIOGRAPHIC AGENCY CONTROL NUMBER
Record control number 015483302
Source Uk
020 ## - INTERNATIONAL STANDARD BOOK NUMBER
International Standard Book Number 9780230274716 (hardback)
020 ## - INTERNATIONAL STANDARD BOOK NUMBER
International Standard Book Number 0230274714 (hardback)
035 ## - SYSTEM CONTROL NUMBER
System control number (OCoLC)ocn506248749
040 ## - CATALOGING SOURCE
Original cataloging agency NLM
Transcribing agency MUST
Modifying agency UKM
-- BWKUK
-- BWK
-- YDXCP
-- BWX
-- IUL
-- DLC
042 ## - AUTHENTICATION CODE
Authentication code ukblcatcopy
-- nlmcopyc
-- lccopycat
082 04 - DEWEY DECIMAL CLASSIFICATION NUMBER
Classification number 180 WIL 2010
100 1# - MAIN ENTRY--PERSONAL NAME
Personal name Williams, Gareth,
Titles and words associated with a name MD.
9 (RLIN) 3120
245 10 - TITLE STATEMENT
Title Angel of death :
Remainder of title the story of smallpox /
Statement of responsibility, etc. Gareth Williams.
260 ## - PUBLICATION, DISTRIBUTION, ETC. (IMPRINT)
Place of publication, distribution, etc. Basingstoke :
Name of publisher, distributor, etc. Palgrave Macmillan,
Date of publication, distribution, etc. 2010.
300 ## - PHYSICAL DESCRIPTION
Extent xix, 425 p. :
Other physical details ill., ports. ;
Dimensions 21 cm.
504 ## - BIBLIOGRAPHY, ETC. NOTE
Bibliography, etc Includes bibliographical references (p. 402-413) and index.
650 #0 - SUBJECT ADDED ENTRY--TOPICAL TERM
Topical term or geographic name as entry element Smallpox.
9 (RLIN) 18422
650 12 - SUBJECT ADDED ENTRY--TOPICAL TERM
Topical term or geographic name as entry element Smallpox
General subdivision history.
9 (RLIN) 18423
650 22 - SUBJECT ADDED ENTRY--TOPICAL TERM
Topical term or geographic name as entry element Disease Outbreaks
General subdivision history.
9 (RLIN) 18424
650 22 - SUBJECT ADDED ENTRY--TOPICAL TERM
Topical term or geographic name as entry element History, Modern 1601-.
9 (RLIN) 18425
906 ## - LOCAL DATA ELEMENT F, LDF (RLIN)
a 7
b cbc
c copycat
d 2
e ncip
f 20
g y-gencatlg
942 ## - ADDED ENTRY ELEMENTS (KOHA)
Source of classification or shelving scheme Dewey Decimal Classification
Koha item type Open Shelf
Holdings
Withdrawn status Lost status Source of classification or shelving scheme Damaged status Not for loan Home library Current library Date acquired Source of acquisition Inventory number Total Checkouts Full call number Barcode Date last seen Price effective from Koha item type
    Dewey Decimal Classification     MUST Main Library MUST Main Library 04/07/2024 Donation 2012/35971   180 WIL 2010 2024-21758 04/07/2024 04/07/2024 Open Shelf